000 00300 a2200121 4500
005 20250615074758.0
082 _a519.5 CBE
111 _aCollege of Business Education
245 _aBusiness Statistics Manual
260 _aDodoma,
300 _avii, 160o.; ill.; figure, table
_c28cm
942 _2ddc
_cBKS
999 _c4090
_d4090